000 00667nam a22001697a 4500
999 _c63455
_d63455
003 Ge_BSU
005 20251013181412.0
008 251013s2001 ge ||||| |||| 00| 0 geo d
041 _ageo
080 _a330.101(075.8) მ-19
100 _aმაკკონელი, კ.
_9426
245 _aეკონომიკსი = (Economics) /
_cლ. მაკკონელი, ს. ბრიუ; რედ. კ. ღურწკაია.
264 _aთბილისი,
_c2001.
300 _a1152 გვ.
_b20 სმ.
700 _aღურწკაია, კ.
_eრედაქტოტი, მთარგმნელი
_926020
942 _2udc
_cᲬᲘᲒᲜᲘ